| 000 | 00000nam 2200000za 4500 |
| 001 | 9.840635 |
| 003 | CaOODSP |
| 005 | 20221107151907 |
| 007 | cr ||||||||||| |
| 008 | 170728s1975 mbcb #o f000 0 eng d |
| 040 | |aCaOODSP|beng |
| 043 | |an-cn-mb |
| 086 | 1 |aR5-345/1975E-PDF |
| 245 | 00|aChronological list of important dates concerning the effect of Churchill and Nelson River system hydro project on northern Manitoba Indian reserves |h[electronic resource]. |
| 260 | |a[Winnipeg, MB?] : |b[D.I.A.N.D. Manitoba Region], |c[1975]. |
| 300 | |a1 v. (various pagings) : |bmap |
| 500 | |aDigitized edition from print [produced by Indigenous and Northern Affairs Canada]. |
| 520 | |a"Listed here is a chronological accounting of important actions by parties concerned with the effects of the Churchill River system hydro development in northern Manitoba, which has resulted in damage in Indian reserves land."--p. 2. |
| 692 | 07|2gccst|aAboriginal lands |
| 692 | 07|2gccst|aHydropower |
| 692 | 07|2gccst|aRivers |
| 710 | 1 |aCanada. |bIndian and Northern Affairs Canada. |bManitoba Region. |
| 856 | 40|qPDF|s2.28 MB|uhttps://publications.gc.ca/collections/collection_2017/aanc-inac/R5-345-1975-eng.pdf |